Movies at the Half-Hour Mark (X-Mas) Quiz Stats

 Plays Quiz Updated Dec 5, 2017

Score 0/20 Timer 05:00
51 Plays Today
% Correct
Elf
99.4%
Home Alone
98.5%
A Charlie Brown Christmas
87.8%
The Santa Clause
84.1%
Dr. Seuss' How the Grinch Stole Christmas
83.9%
Gremlins
82.4%
Die Hard
80.2%
The Nightmare Before Christmas
75.7%
A Christmas Story
75.4%
Miracle on 34th Street
75.3%
% Correct
Rudolph the Red-Nosed Reindeer
75.2%
Bad Santa
65.3%
It's a Wonderful Life
64.9%
Scrooged
62.9%
Jingle All the Way
59.5%
National Lampoon's Christmas Vacation
58.2%
White Christmas
43.4%
Ernest Saves Christmas
37%
The Muppet Christmas Carol
13%
Black Christmas
2.6%

You're not logged in!

Compare scores with friends on all Sporcle quizzes.
OR
Log In

You Might Also Like...

Show Comments

Extras

Top Quizzes Today


Score Distribution

Your Account Isn't Verified!

In order to create a playlist on Sporcle, you need to verify the email address you used during registration. Go to your Sporcle Settings to finish the process.

Report this User

Report this user for behavior that violates our Community Guidelines.

Details: